[Event "I Torneo ITT Espacio ENDESA"]
[Site "Santiago de Chile CHI"]
[Date "2007.09.26"]
[Round "1.2"]
[White "Casafus, Ruben"]
[Black "Diaz Villagran, Robert"]
[Result "1-0"]
[WhiteElo "2337"]
[BlackElo "2347"]
[PlyCount "71"]
[EventDate "2007.09.26"]
[EventType "tourn"]
[EventRounds "11"]
[EventCountry "CHI"]
[EventCategory "5"]
[Source "lmi"]
[SourceDate "2007.09.26"]

1. Nf3 Nf6 2. c4 d6 3. d4 Nbd7 4. Nc3 e5 5. e4 g6 6. g3 Bg7 7. Bg2 O-O 8. O-O
Re8 9. d5 Nc5 10. Ne1 a5 11. b3 Nfd7 12. Rb1 f5 13. f3 Nf6 14. a3 fxe4 15. fxe4
Ng4 16. b4 Na6 17. Nd3 Bh6 18. Bxh6 Nxh6 19. Qd2 Nf7 20. c5 Bd7 21. c6 bxc6 22.
dxc6 Be6 23. Nd5 Bxd5 24. exd5 axb4 25. axb4 Rb8 26. Nf2 Kg7 27. Ne4 Rf8 28.
Bh3 Qe7 29. Be6 Nh6 30. Rxf8 Rxf8 31. Ra1 Nb8 32. b5 Rf3 33. Ra7 Rb3 34. Qf2
Rb1+ 35. Kg2 Rxb5 36. Rxc7 1-0

[Event "I Torneo ITT Espacio ENDESA"]
[Site "Santiago de Chile CHI"]
[Date "2007.09.26"]
[Round "1.3"]
[White "Velasquez Ojeda, Cesar"]
[Black "Jorquera Cahuin, Marcelo"]
[Result "0-1"]
[WhiteElo "2319"]
[BlackElo "2309"]
[PlyCount "46"]
[EventDate "2007.09.26"]
[EventType "tourn"]
[EventRounds "11"]
[EventCountry "CHI"]
[EventCategory "5"]
[Source "lmi"]
[SourceDate "2007.09.26"]

1. e4 c5 2. Nf3 Nc6 3. d4 cxd4 4. Nxd4 g6 5. Bc4 Bg7 6. Nxc6 bxc6 7. O-O Nf6 8.
Nc3 O-O 9. e5 Ne8 10. Qe2 d5 11. exd6 exd6 12. Re1 d5 13. Bd3 Nd6 14. Bf4 Bf5
15. Qe7 Bxd3 16. Qxd6 d4 17. Nd5 Bxc2 18. Qxc6 d3 19. Bc7 Qh4 20. Ba5 Bxb2 21.
Bc3 Rac8 22. Qd6 Bxc3 23. Ne7+ Kg7 0-1

[Event "I Torneo ITT Espacio ENDESA"]
[Site "Santiago de Chile CHI"]
[Date "2007.09.26"]
[Round "1.4"]
[White "Romero Pino, Claudio"]
[Black "Alonso, Salvador"]
[Result "0-1"]
[WhiteElo "2323"]
[BlackElo "2403"]
[PlyCount "100"]
[EventDate "2007.09.26"]
[EventType "tourn"]
[EventRounds "11"]
[EventCountry "CHI"]
[EventCategory "5"]
[Source "lmi"]
[SourceDate "2007.09.26"]

1. d4 d5 2. c4 c6 3. Nf3 Nf6 4. e3 Bf5 5. cxd5 cxd5 6. Qb3 Qb6 7. Qxb6 axb6 8.
Nc3 Nc6 9. Bb5 Bd7 10. Bd2 e6 11. O-O Bd6 12. Rfc1 Ke7 13. Be2 Ne4 14. Be1 Nxc3
15. Bxc3 f6 16. Ne1 Ra7 17. Nd3 b5 18. a3 Rha8 19. Rab1 Be8 20. Rd1 Ra4 21.
Rbc1 R4a7 22. g3 Na5 23. Bb4 Nc4 24. b3 Bxb4 25. axb4 Nd6 26. Rc7+ Bd7 27. Nc5
b6 28. Rxd7+ Rxd7 29. Nxd7 Kxd7 30. Kf1 Ra2 31. Rb1 Ne4 32. Rc1 Nd6 33. Rb1 g5
34. f3 h5 35. Kf2 g4 36. Rh1 Nf5 37. fxg4 hxg4 38. Re1 Nd6 39. Kg1 f5 40. Bd3
Rd2 41. Bf1 Rb2 42. Ra1 Rxb3 43. Ra7+ Kd8 44. Ra6 Rxb4 45. Rxb6 Ke7 46. Ra6 Rb2
47. Ra7+ Kf6 48. Ra6 Ne4 49. Rb6 b4 50. Bd3 Ng5 0-1

[Event "I Torneo ITT Espacio ENDESA"]
[Site "Santiago de Chile CHI"]
[Date "2007.09.26"]
[Round "1.5"]
[White "Valenzuela Fuentealba, Luis"]
[Black "Arancibia Guzman, Eduardo"]
[Result "1/2-1/2"]
[WhiteElo "2482"]
[BlackElo "2413"]
[PlyCount "34"]
[EventDate "2007.09.26"]
[EventType "tourn"]
[EventRounds "11"]
[EventCountry "CHI"]
[EventCategory "5"]
[Source "lmi"]
[SourceDate "2007.09.26"]

1. d4 Nf6 2. Nf3 e6 3. c4 c5 4. d5 d6 5. Nc3 exd5 6. cxd5 g6 7. h3 a6 8. a4 Qe7
9. Bg5 Bg7 10. Nd2 h6 11. Bh4 O-O 12. e3 Nbd7 13. Be2 Ne5 14. O-O g5 15. Bg3
Bf5 16. e4 Bg6 17. Re1 Rae8 1/2-1/2

[Event "I Torneo ITT Espacio ENDESA"]
[Site "Santiago de Chile CHI"]
[Date "2007.09.26"]
[Round "1.6"]
[White "Valdes Escobar, Alvaro"]
[Black "Luconi, Cristian"]
[Result "1/2-1/2"]
[WhiteElo "2357"]
[BlackElo "2297"]
[PlyCount "58"]
[EventDate "2007.09.26"]
[EventType "tourn"]
[EventRounds "11"]
[EventCountry "CHI"]
[EventCategory "5"]
[Source "lmi"]
[SourceDate "2007.09.26"]

1. c4 e6 2. Nc3 d5 3. cxd5 exd5 4. d4 Nf6 5. Bg5 Be7 6. e3 c6 7. Bd3 O-O 8. Nf3
Nbd7 9. O-O Re8 10. Rb1 Nf8 11. b4 Ne6 12. Bh4 a6 13. a4 g6 14. Qb3 Ng7 15.
Rbc1 Nf5 16. Bg5 Be6 17. Ne2 Nd6 18. Nf4 Bd7 19. Ne5 Nde4 20. Bxe4 Nxe4 21.
Bxe7 Qxe7 22. Rfe1 Nd6 23. Nxd7 Qxd7 24. Nd3 Qf5 25. Nc5 Re7 26. Qd3 Qg5 27.
Rc2 Rae8 28. Rce2 h5 29. f3 f5 1/2-1/2

[Event "I Torneo ITT Espacio ENDESA"]
[Site "Santiago de Chile CHI"]
[Date "2007.09.27"]
[Round "2.1"]
[White "Llorens Sepulveda, Marcelo"]
[Black "Luconi, Cristian"]
[Result "1/2-1/2"]
[WhiteElo "2292"]
[BlackElo "2297"]
[PlyCount "80"]
[EventDate "2007.09.26"]
[EventType "tourn"]
[EventRounds "11"]
[EventCountry "CHI"]
[EventCategory "5"]
[Source "lmi"]
[SourceDate "2007.09.26"]

1. e4 c6 2. d4 d5 3. f3 dxe4 4. fxe4 e5 5. Nf3 Bg4 6. Bc4 Nd7 7. O-O Ngf6 8. c3
Be7 9. Qb3 O-O 10. Ng5 Bh5 11. Qxb7 exd4 12. Bf4 Nc5 13. Qc7 Qxc7 14. Bxc7
Nfxe4 15. Nxe4 Nxe4 16. cxd4 Bf6 17. Be5 Bxe5 18. dxe5 Rae8 19. e6 fxe6 20. Re1
Bg6 21. Nc3 Nxc3 22. bxc3 Rf6 23. Rad1 Bf7 24. Rd6 e5 25. Rxe5 Rb8 26. Rxf6
gxf6 27. Bxf7+ Kxf7 28. Ra5 Rb7 29. Ra6 Rc7 30. Kf2 Ke6 31. Ke3 Kd5 32. Kd3 f5
33. g3 Rd7 34. c4+ Kc5+ 35. Kc3 Rf7 36. Ra5+ Kb6 37. Kb4 f4 38. gxf4 Rxf4 39.
Rh5 a5+ 40. Rxa5 Rh4 1/2-1/2

[Event "I Torneo ITT Espacio ENDESA"]
[Site "Santiago de Chile CHI"]
[Date "2007.09.27"]
[Round "2.2"]
[White "Arancibia Guzman, Eduardo"]
[Black "Valdes Escobar, Alvaro"]
[Result "0-1"]
[WhiteElo "2413"]
[BlackElo "2357"]
[PlyCount "96"]
[EventDate "2007.09.26"]
[EventType "tourn"]
[EventRounds "11"]
[EventCountry "CHI"]
[EventCategory "5"]
[Source "lmi"]
[SourceDate "2007.09.26"]

1. d4 Nf6 2. Nf3 e6 3. c4 b6 4. e3 Bb7 5. Bd3 c5 6. O-O Be7 7. Nc3 cxd4 8. exd4
d6 9. b3 O-O 10. Bb2 Nbd7 11. Re1 Re8 12. Qe2 a6 13. Rad1 Qc7 14. Bb1 Nf8 15.
d5 e5 16. Nd2 Bc8 17. Rc1 g6 18. b4 Nh5 19. g3 Ng7 20. Nb3 Bf5 21. Bxf5 Nxf5
22. Ne4 Qb7 23. Red1 Rad8 24. Qd3 Nd7 25. Ba3 Nf6 26. f3 a5 27. bxa5 bxa5 28.
Nxf6+ Bxf6 29. c5 dxc5 30. Nxa5 Qb6 31. Nc4 Qa7 32. Kg2 Nd4 33. Ne3 Be7 34. Rd2
f5 35. Bb2 Nxf3 36. Rdc2 Nd4 37. Rf2 Qd7 38. Qc4 Bd6 39. h3 Ra8 40. a3 Rab8 41.
Re1 Rb7 42. Ba1 Reb8 43. Qf1 Rb3 44. Nc4 e4 45. Re3 Rxe3 46. Nxe3 Rb3 47. Qc1
Qe7 48. Rb2 Qg5 0-1

[Event "I Torneo ITT Espacio ENDESA"]
[Site "Santiago de Chile CHI"]
[Date "2007.09.27"]
[Round "2.4"]
[White "Jorquera Cahuin, Marcelo"]
[Black "Romero Pino, Claudio"]
[Result "1/2-1/2"]
[WhiteElo "2309"]
[BlackElo "2323"]
[PlyCount "54"]
[EventDate "2007.09.26"]
[EventType "tourn"]
[EventRounds "11"]
[EventCountry "CHI"]
[EventCategory "5"]
[Source "lmi"]
[SourceDate "2007.09.26"]

1. e4 c5 2. Nf3 d6 3. c3 Nf6 4. Bd3 e6 5. O-O Be7 6. Bc2 O-O 7. d4 Nc6 8. Nbd2
b6 9. Re1 Bb7 10. a3 cxd4 11. cxd4 Rc8 12. e5 dxe5 13. dxe5 Nd5 14. Ne4 Qc7 15.
Neg5 g6 16. Bd3 Rfd8 17. Qe2 Nb8 18. Nh3 Nd7 19. Bg5 Nc5 20. Rac1 Bxg5 21.
Nfxg5 Qe7 22. Be4 h6 23. Nf3 Nxe4 24. Qxe4 Kg7 25. Nf4 Rxc1 26. Rxc1 Nxf4 27.
Qxf4 Bxf3 1/2-1/2

[Event "I Torneo ITT Espacio ENDESA"]
[Site "Santiago de Chile CHI"]
[Date "2007.09.27"]
[Round "2.5"]
[White "Diaz Villagran, Robert"]
[Black "Velasquez Ojeda, Cesar"]
[Result "1-0"]
[WhiteElo "2347"]
[BlackElo "2319"]
[PlyCount "83"]
[EventDate "2007.09.26"]
[EventType "tourn"]
[EventRounds "11"]
[EventCountry "CHI"]
[EventCategory "5"]
[Source "lmi"]
[SourceDate "2007.09.26"]

1. e4 c5 2. c3 d6 3. d4 Nf6 4. Bd3 Nc6 5. Nf3 e5 6. dxc5 dxc5 7. O-O c4 8. Bxc4
Qxd1 9. Rxd1 Nxe4 10. Bd5 f5 11. Bxc6+ bxc6 12. Nxe5 Bb7 13. Be3 Bd6 14. Nc4
Bc7 15. Nbd2 Nf6 16. Bc5 O-O-O 17. Bxa7 Ba6 18. h3 Rhe8 19. Bd4 Re2 20. Re1
Rde8 21. Rxe2 Rxe2 22. b3 Nh5 23. Nf3 g6 24. Nb6+ Kd8 25. Na4 Bd3 26. Nc5 Be4
27. Nxe4 fxe4 28. Ng5 Nf4 29. g3 Nd3 30. Kf1 Rc2 31. Nxe4 Kc8 32. Rd1 Nc1 33.
Rd2 Rxd2 34. Nxd2 Nxa2 35. Ke2 c5 36. Bxc5 Nxc3+ 37. Kd3 Nd5 38. Kc4 Nf6 39. b4
Kb7 40. Bd4 Ne8 41. Ne4 Bb8 42. Nc5+ 1-0

[Event "I Torneo ITT Espacio ENDESA"]
[Site "Santiago de Chile CHI"]
[Date "2007.09.27"]
[Round "2.6"]
[White "Michel Yunis, Christian D"]
[Black "Casafus, Ruben"]
[Result "1-0"]
[WhiteElo "2368"]
[BlackElo "2337"]
[PlyCount "68"]
[EventDate "2007.09.26"]
[EventType "tourn"]
[EventRounds "11"]
[EventCountry "CHI"]
[EventCategory "5"]
[Source "lmi"]
[SourceDate "2007.09.26"]

1. d4 Nf6 2. Nf3 d6 3. c4 g6 4. Nc3 Bg7 5. Bf4 O-O 6. e3 Nc6 7. h3 Nd7 8. d5
Nce5 9. Nxe5 Nxe5 10. Be2 Nd7 11. Bg5 Nc5 12. f3 a5 13. O-O Qe8 14. e4 e5 15.
Qd2 f5 16. exf5 gxf5 17. f4 Bd7 18. Rae1 Qg6 19. Kh1 Bh6 20. Bxh6 Qxh6 21. Bd1
Rae8 22. Bc2 b6 23. Re3 Kh8 24. Qf2 Ne4 25. Nxe4 fxe4 26. Qe1 Rxf4 27. Rxf4
Qxf4 28. Rxe4 Qf6 29. Re3 Rg8 30. Be4 Be8 31. Rf3 Qg7 32. Qf2 Bg6 33. Bxg6 Qxg6
34. Rf7 Qb1+ 1-0

[Event "I Torneo ITT Espacio ENDESA"]
[Site "Santiago de Chile CHI"]
[Date "2007.09.28"]
[Round "3.1"]
[White "Casafus, Ruben"]
[Black "Llorens Sepulveda, Marcelo"]
[Result "0-1"]
[WhiteElo "2337"]
[BlackElo "2292"]
[PlyCount "88"]
[EventDate "2007.09.26"]
[EventType "tourn"]
[EventRounds "11"]
[EventCountry "CHI"]
[EventCategory "5"]
[Source "lmi"]
[SourceDate "2007.09.26"]

1. d4 Nf6 2. Nf3 c5 3. d5 g6 4. c4 b5 5. cxb5 a6 6. e3 axb5 7. Bxb5 Qa5+ 8. Nc3
Ne4 9. Qd3 Nd6 10. Bd2 Qb6 11. Ne5 Bg7 12. Nc4 Nxc4 13. Qxc4 Na6 14. Na4 Qc7
15. Bc3 O-O 16. Bxg7 Kxg7 17. Qc3+ f6 18. O-O d6 19. Rfc1 Qb8 20. Qc4 Nc7 21.
Bc6 Bb7 22. Bxb7 Qxb7 23. Rd1 Rfb8 24. b3 Qc8 25. Qe4 Qd7 26. Rac1 Nb5 27. Rd2
Na3 28. Nb2 Rb4 29. Nc4 Nxc4 30. Rxc4 Rxb3 31. h3 Rba3 32. Qb1 R3a4 33. Rxa4
Qxa4 34. Rb2 Kf7 35. Kh2 Qc4 36. e4 Ra4 37. f3 f5 38. Rb8 Rxa2 39. exf5 Qf4+
40. Kh1 Qd2 41. fxg6+ hxg6 42. Qf1 Qf2 43. Qxf2 Rxf2 44. Rh8 Rd2 0-1

[Event "I Torneo ITT Espacio ENDESA"]
[Site "Santiago de Chile CHI"]
[Date "2007.09.28"]
[Round "3.6"]
[White "Luconi, Cristian"]
[Black "Arancibia Guzman, Eduardo"]
[Result "1/2-1/2"]
[WhiteElo "2297"]
[BlackElo "2413"]
[PlyCount "72"]
[EventDate "2007.09.26"]
[EventType "tourn"]
[EventRounds "11"]
[EventCountry "CHI"]
[EventCategory "5"]
[Source "lmi"]
[SourceDate "2007.09.26"]

1. d4 Nf6 2. Nf3 e6 3. Bf4 c5 4. e3 Qb6 5. Nc3 a6 6. a3 cxd4 7. exd4 d5 8. Bd3
Bd7 9. Rb1 Be7 10. Ne2 Bb5 11. Ng3 Nc6 12. c3 Bxd3 13. Qxd3 O-O 14. O-O Rfc8
15. Rfe1 Qd8 16. Re2 b5 17. Rbe1 Nd7 18. Qe3 a5 19. Ng5 Nf8 20. Nh5 Bd6 21.
Nxg7 Bxf4 22. Qxf4 Kxg7 23. Qxf7+ Kh8 24. Nxe6 Qd7 25. Qf6+ Kg8 26. h4 Ra7 27.
Re3 Nxe6 28. Rxe6 Rf8 29. Qg5+ Kh8 30. f4 Rc7 31. Qh6 Qf7 32. Rxc6 Rxc6 33.
Qxc6 Qxf4 34. Qe6 Qf2+ 35. Kh2 Qxh4+ 36. Kg1 Qf2+ 1/2-1/2

[Event "I Torneo ITT Espacio ENDESA"]
[Site "Santiago de Chile CHI"]
[Date "2007.09.29"]
[Round "4.1"]
[White "Llorens Sepulveda, Marcelo"]
[Black "Arancibia Guzman, Eduardo"]
[Result "1-0"]
[WhiteElo "2292"]
[BlackElo "2413"]
[PlyCount "139"]
[EventDate "2007.09.26"]
[EventType "tourn"]
[EventRounds "11"]
[EventCountry "CHI"]
[EventCategory "5"]
[Source "lmi"]
[SourceDate "2007.09.26"]

1. e4 c5 2. Nf3 d6 3. Bc4 Nf6 4. d3 Nc6 5. c3 e6 6. Bb3 Be7 7. O-O O-O 8. Re1
b5 9. d4 Rb8 10. Bf4 Nh5 11. Be3 Na5 12. Bc2 Nc4 13. Bc1 g6 14. b3 Nb6 15. Bh6
Re8 16. Nbd2 Qc7 17. Rc1 e5 18. Nf1 Nf6 19. h3 Bb7 20. d5 a5 21. Ne3 c4 22. Qd2
Bc8 23. Nh2 Bf8 24. Bxf8 Rxf8 25. Neg4 Nxg4 26. hxg4 Bd7 27. g5 f6 28. gxf6
Rxf6 29. Bd1 Rbf8 30. Bf3 cxb3 31. axb3 a4 32. bxa4 Nc4 33. Qa2 bxa4 34. Re2
Na5 35. Bg4 Nb3 36. Rcc2 Rf4 37. Bxd7 Qxd7 38. f3 Rb8 39. Nf1 Rff8 40. Qa3 Rb6
41. Ne3 Rc8 42. Ra2 Rxc3 43. Qxa4 Qxa4 44. Rxa4 Nd4 45. Re1 Rb2 46. Nd1 Rc1 47.
Nxb2 Rxe1+ 48. Kh2 Re2 49. Nc4 Nxf3+ 50. Kg3 Ne1 51. Nxd6 Rxg2+ 52. Kh3 h5 53.
Ra1 Re2 54. Kg3 Nd3 55. Kf3 Rc2 56. Ra8+ Kg7 57. Ra7+ Kf6 58. Rf7+ Kg5 59. Re7
Rc3 60. Ke2 h4 61. Kd2 Ra3 62. Nc4 Kf6 63. Re6+ Kf7 64. Nxa3 h3 65. Rb6 h2 66.
Rb7+ Kg8 67. Rb1 Nf2 68. Ke3 h1=Q 69. Rxh1 Nxh1 70. Kf3 1-0

[Event "I Torneo ITT Espacio ENDESA"]
[Site "Santiago de Chile CHI"]
[Date "2007.09.29"]
[Round "4.2"]
[White "Alonso, Salvador"]
[Black "Luconi, Cristian"]
[Result "1/2-1/2"]
[WhiteElo "2403"]
[BlackElo "2297"]
[PlyCount "23"]
[EventDate "2007.09.26"]
[EventType "tourn"]
[EventRounds "11"]
[EventCountry "CHI"]
[EventCategory "5"]
[Source "lmi"]
[SourceDate "2007.09.26"]

1. e4 d5 2. exd5 Nf6 3. d4 Nxd5 4. Nf3 Bg4 5. Be2 e6 6. O-O Be7 7. c4 Nb6 8.
Nc3 Nc6 9. b3 Kf8 10. Be3 Bf5 11. Qd2 Bf6 12. Rfd1 1/2-1/2

[Event "I Torneo ITT Espacio ENDESA"]
[Site "Santiago de Chile CHI"]
[Date "2007.09.29"]
[Round "4.3"]
[White "Jorquera Cahuin, Marcelo"]
[Black "Valdes Escobar, Alvaro"]
[Result "0-1"]
[WhiteElo "2309"]
[BlackElo "2357"]
[PlyCount "64"]
[EventDate "2007.09.26"]
[EventType "tourn"]
[EventRounds "11"]
[EventCountry "CHI"]
[EventCategory "5"]
[Source "lmi"]
[SourceDate "2007.09.26"]

1. e4 c5 2. Nf3 d6 3. Bc4 Nf6 4. d3 e6 5. O-O Be7 6. a3 Nc6 7. Re1 a6 8. e5
dxe5 9. Nxe5 Nxe5 10. Rxe5 b5 11. Ba2 Bb7 12. Nc3 O-O 13. Bg5 h6 14. Bh4 Qd4
15. Bg3 Bd6 16. Re1 Bxg3 17. hxg3 Rad8 18. Qe2 Rfe8 19. Qe5 Ng4 20. Qe2 Nf6 21.
Qe5 Re7 22. Bb3 Qxe5 23. Rxe5 Nd7 24. Rh5 Kh7 25. a4 g6 26. Rh4 g5 27. Rh2 b4
28. Ne2 Ne5 29. f4 Ng4 30. Rh3 Kg7 31. Re1 e5 32. fxg5 hxg5 0-1

[Event "I Torneo ITT Espacio ENDESA"]
[Site "Santiago de Chile CHI"]
[Date "2007.09.29"]
[Round "4.4"]
[White "Diaz Villagran, Robert"]
[Black "Valenzuela Fuentealba, Luis"]
[Result "0-1"]
[WhiteElo "2347"]
[BlackElo "2482"]
[PlyCount "118"]
[EventDate "2007.09.26"]
[EventType "tourn"]
[EventRounds "11"]
[EventCountry "CHI"]
[EventCategory "5"]
[Source "lmi"]
[SourceDate "2007.09.26"]

1. e4 c5 2. c3 Nf6 3. e5 Nd5 4. d4 cxd4 5. Nf3 Nc6 6. Bc4 Nb6 7. Bb3 d5 8. exd6
Qxd6 9. O-O Be6 10. Na3 dxc3 11. Qe2 Bxb3 12. axb3 e5 13. Nb5 Qb8 14. Re1 f6
15. Nbd4 Be7 16. bxc3 Qc8 17. Nh4 exd4 18. Qh5+ Kd8 19. Ng6 hxg6 20. Qxh8+ Kd7
21. Qxg7 Qg8 22. Qh6 Qxb3 23. cxd4 Qd5 24. Qh7 g5 25. Ba3 Re8 26. Bxe7 Rxe7 27.
Rxe7+ Nxe7 28. Rxa7 Nbc8 29. Ra1 Qxd4 30. Rb1 b5 31. Qc2 Nd6 32. h3 Qc4 33. Qd2
Qd5 34. Qc2 Qf5 35. Qb3 Nc6 36. Rd1 Kc7 37. Rc1 Nc4 38. Rb1 Nd2 39. Qf7+ Kb6
40. Rd1 Qc2 41. Qh5 Qd3 42. Rc1 Nb3 43. Rd1 Qf5 44. h4 Nbd4 45. hxg5 fxg5 46.
Qh3 Qxh3 47. gxh3 Nf3+ 48. Kg2 Ncd4 49. Rb1 Nd2 50. Ra1 b4 51. Ra8 N2f3 52.
Rb8+ Kc5 53. Kg3 Ne5 54. Re8 Kd5 55. Rb8 Kc4 56. Re8 Ndc6 57. Ra8 b3 58. Ra4+
Kc3 59. Ra3 Nd4 0-1

[Event "I Torneo ITT Espacio ENDESA"]
[Site "Santiago de Chile CHI"]
[Date "2007.09.29"]
[Round "4.5"]
[White "Michel Yunis, Christian D"]
[Black "Romero Pino, Claudio"]
[Result "1/2-1/2"]
[WhiteElo "2368"]
[BlackElo "2323"]
[PlyCount "21"]
[EventDate "2007.09.26"]
[EventType "tourn"]
[EventRounds "11"]
[EventCountry "CHI"]
[EventCategory "5"]
[Source "lmi"]
[SourceDate "2007.09.26"]

1. d4 Nf6 2. c4 e6 3. Nc3 Bb4 4. e3 O-O 5. Bd3 c5 6. Nf3 d5 7. O-O Nc6 8. a3
dxc4 9. Bxc4 cxd4 10. exd4 Be7 11. Re1 1/2-1/2

[Event "I Torneo ITT Espacio ENDESA"]
[Site "Santiago de Chile CHI"]
[Date "2007.09.29"]
[Round "4.6"]
[White "Casafus, Ruben"]
[Black "Velasquez Ojeda, Cesar"]
[Result "0-1"]
[WhiteElo "2337"]
[BlackElo "2319"]
[PlyCount "122"]
[EventDate "2007.09.26"]
[EventType "tourn"]
[EventRounds "11"]
[EventCountry "CHI"]
[EventCategory "5"]
[Source "lmi"]
[SourceDate "2007.09.26"]

1. d4 Nf6 2. Nf3 g6 3. c4 Bg7 4. g3 O-O 5. Bg2 c6 6. O-O d5 7. Qb3 Ne4 8. Nc3
Qb6 9. c5 Qxb3 10. axb3 Nxc3 11. bxc3 Bf5 12. Ra2 Be4 13. Bf4 a6 14. Bxb8 Raxb8
15. Nd2 Bxg2 16. Kxg2 e5 17. e3 Rbe8 18. Rc2 exd4 19. cxd4 g5 20. Nf3 h6 21. h4
f6 22. Rh1 Kf7 23. g4 Re4 24. Kg3 Kg6 25. hxg5 hxg5 26. Nd2 Re7 27. Nf1 f5 28.
gxf5+ Rxf5 29. Nh2 Rf8 30. Ng4 Rh8 31. Rcc1 Rxh1 32. Rxh1 Kf5 33. f3 Kg6 34.
Kf2 Re8 35. b4 Re7 36. Rd1 Re8 37. Rd3 Kf5 38. Kg3 Kg6 39. Nf2 Rd8 40. Kg4 Rd7
41. Nh3 Bf6 42. f4 gxf4 43. Nxf4+ Kf7 44. Rd1 Rd8 45. Rh1 Rf8 46. Kf3 Rh8 47.
Rxh8 Bxh8 48. Kg4 Bf6 49. Kf5 Bh4 50. Ke5 Be1 51. Nd3 Bg3+ 52. Kf5 Ke7 53. Kg4
Bc7 54. Kf5 Bg3 55. e4 dxe4 56. Kxe4 Ke6 57. Kf3 Kd5 58. Kxg3 Kxd4 59. Nf4 Kc4
60. Kf3 Kxb4 61. Ne6 a5 0-1

[Event "I Torneo ITT Espacio ENDESA"]
[Site "Santiago de Chile CHI"]
[Date "2007.09.30"]
[Round "5.1"]
[White "Velasquez Ojeda, Cesar"]
[Black "Llorens Sepulveda, Marcelo"]
[Result "1-0"]
[WhiteElo "2319"]
[BlackElo "2292"]
[PlyCount "130"]
[EventDate "2007.09.26"]
[EventType "tourn"]
[EventRounds "11"]
[EventCountry "CHI"]
[EventCategory "5"]
[Source "lmi"]
[SourceDate "2007.09.26"]

1. e4 c5 2. Nf3 Nc6 3. d4 cxd4 4. Nxd4 Nf6 5. Nc3 d6 6. Bc4 Bd7 7. a3 g6 8. Be3
Bg7 9. f3 O-O 10. Qd2 Ne5 11. Ba2 Rc8 12. Bh6 Nc4 13. Bxc4 Rxc4 14. Bxg7 Kxg7
15. g4 Qb6 16. O-O-O Rfc8 17. h4 h5 18. gxh5 Nxh5 19. Nd5 Qd8 20. Ne3 R4c5 21.
Rdg1 Qh8 22. f4 Kf8 23. f5 gxf5 24. exf5 Bc6 25. Nxc6 R5xc6 26. Rg5 Ke8 27. c3
Kd7 28. Re1 Nf6 29. Qd4 Qh6 30. Kb1 a6 31. Nc2 Rc4 32. Qb6 Qxh4 33. Qxb7+ R8c7
34. Qg2 Rg4 35. Rxg4 Qxg4 36. Qxg4 Nxg4 37. Nd4 Rc8 38. Kc2 Ne5 39. b4 Rh8 40.
Re2 Rh3 41. a4 Nf3 42. Kd3 Nxd4+ 43. Kxd4 Rf3 44. b5 axb5 45. axb5 Rxf5 46. c4
Rf1 47. Ra2 e5+ 48. Kc3 Rc1+ 49. Kd3 f5 50. Ra7+ Ke6 51. Rh7 e4+ 52. Kd4 Rd1+
53. Kc3 Rd3+ 54. Kc2 Rg3 55. b6 Rg8 56. Kc3 Rg1 57. b7 Rg3+ 58. Kc2 Rg8 59. Kc3
Ke5 60. Re7+ Kf4 61. Kd4 Kf3 62. Kd5 e3 63. Kxd6 f4 64. c5 e2 65. c6 Kf2 1-0

[Event "I Torneo ITT Espacio ENDESA"]
[Site "Santiago de Chile CHI"]
[Date "2007.09.30"]
[Round "5.4"]
[White "Valdes Escobar, Alvaro"]
[Black "Diaz Villagran, Robert"]
[Result "1/2-1/2"]
[WhiteElo "2357"]
[BlackElo "2347"]
[PlyCount "73"]
[EventDate "2007.09.26"]
[EventType "tourn"]
[EventRounds "11"]
[EventCountry "CHI"]
[EventCategory "5"]
[Source "lmi"]
[SourceDate "2007.09.26"]

1. d4 Nf6 2. Nf3 d6 3. Nc3 Nbd7 4. e4 e5 5. Bc4 Be7 6. h3 O-O 7. O-O c6 8. d5
c5 9. a4 Nh5 10. Nh2 Nf4 11. Re1 Re8 12. a5 a6 13. Be3 Ng6 14. Qd2 h6 15. Nf3
Nf6 16. Bd3 Nh5 17. Na4 Nhf4 18. Nb6 Rb8 19. Bf1 Bf8 20. c3 Qf6 21. Nxc8 Rbxc8
22. Qd1 Ne7 23. Nd2 g5 24. Nc4 Qg6 25. g3 f5 26. Kh1 fxe4 27. gxf4 exf4 28.
Bxf4 gxf4 29. Bg2 Nf5 30. Qg4 Qxg4 31. hxg4 f3 32. Bh3 Nh4 33. Nd2 e3 34. fxe3
Re5 35. e4 Rce8 36. Kh2 Be7 37. Kg3 1/2-1/2

[Event "I Torneo ITT Espacio ENDESA"]
[Site "Santiago de Chile CHI"]
[Date "2007.09.30"]
[Round "5.5"]
[White "Luconi, Cristian"]
[Black "Jorquera Cahuin, Marcelo"]
[Result "1/2-1/2"]
[WhiteElo "2297"]
[BlackElo "2309"]
[PlyCount "83"]
[EventDate "2007.09.26"]
[EventType "tourn"]
[EventRounds "11"]
[EventCountry "CHI"]
[EventCategory "5"]
[Source "lmi"]
[SourceDate "2007.09.26"]

1. d4 d5 2. Nf3 Nf6 3. Bf4 c5 4. e3 Nc6 5. c3 Qb6 6. Qc2 Bg4 7. Nbd2 e6 8. Qb3
c4 9. Qxb6 axb6 10. a3 b5 11. Rc1 h6 12. h3 Bf5 13. Be2 Be7 14. O-O O-O 15.
Rfe1 Nd7 16. Bd1 Bd3 17. e4 Rfe8 18. Bc2 Bxc2 19. Rxc2 Nb6 20. Nf1 dxe4 21.
Rxe4 Nd5 22. Bc1 Bd6 23. g3 Na5 24. Re1 Nc6 25. Rce2 Kf8 26. Ne3 Nxe3 27. Bxe3
Ne7 28. Nd2 Nd5 29. Nf1 Ke7 30. Bc1 Kd7 31. Ne3 Nb6 32. Ng2 h5 33. Bf4 Be7 34.
Re5 g6 35. h4 Kc6 36. Bg5 Bd6 37. R5e2 Nd5 38. Ne3 Rec8 39. Nxd5 Kxd5 40. Kg2
Kc6 41. Kf3 Bf8 42. Bf6 1/2-1/2

[Event "I Torneo ITT Espacio ENDESA"]
[Site "Santiago de Chile CHI"]
[Date "2007.10.01"]
[Round "6.2"]
[White "Jorquera Cahuin, Marcelo"]
[Black "Arancibia Guzman, Eduardo"]
[Result "1/2-1/2"]
[WhiteElo "2309"]
[BlackElo "2413"]
[PlyCount "123"]
[EventDate "2007.09.26"]
[EventType "tourn"]
[EventRounds "11"]
[EventCountry "CHI"]
[EventCategory "5"]
[Source "lmi"]
[SourceDate "2007.09.26"]

1. e4 c5 2. Nf3 d6 3. d3 Nc6 4. g3 g6 5. Bg2 Bg7 6. O-O Nf6 7. Nc3 O-O 8. Nh4
e5 9. f4 exf4 10. Bxf4 Nh5 11. Be3 Nf6 12. Nf3 Rb8 13. h3 Re8 14. Qd2 Be6 15.
Ng5 Nd7 16. Rf2 Nde5 17. Raf1 Qa5 18. Nxe6 fxe6 19. Bh6 Rf8 20. Bxg7 Kxg7 21.
Rf4 a6 22. Qf2 Qd8 23. a4 Nd4 24. Nd1 Qe7 25. Qd2 g5 26. R4f2 Rxf2 27. Rxf2 Rf8
28. Rxf8 Kxf8 29. Kh1 Qf6 30. Ne3 Ndc6 31. c3 Ke7 32. Qe2 Qf7 33. Nc2 Nd7 34.
d4 Qf6 35. d5 exd5 36. exd5+ Nce5 37. Ne3 Kd8 38. Be4 h6 39. Kg2 Kc7 40. a5 Qf7
41. Bf5 Nf6 42. Be6 Qg6 43. Bf5 Qe8 44. Be6 Qb5 45. Qf2 Ne4 46. Qc2 Nf6 47. Qf2
Nfd7 48. Ng4 h5 49. Bxd7 Nxd7 50. Nf6 Qd3 51. Kh2 Nxf6 52. Qxf6 Qd2+ 53. Kg1
Qc1+ 54. Qf1 Qxb2 55. Qf7+ Kb8 56. Qf8+ Ka7 57. Qxd6 Qc1+ 58. Kg2 Qd2+ 59. Kg1
Qe3+ 60. Kg2 c4 61. Qe6 Qxc3 62. Qb6+ 1/2-1/2